La enseñanza de estrategias de expresión escrita en educación secundaria obligatoria : un programa de actuación didáctica (Record no. 67819)

MARC details
000 -CABECERA
campo de control de longitud fija 00635nam a2200205 a 4500
005 - FECHA Y HORA DE LA ÚLTIMA TRANSACCIÓN
campo de control 20210223123859.0
008 - ELEMENTOS DE LONGITUD FIJA--INFORMACIÓN GENERAL
campo de control de longitud fija 991125n 000 0 spa u
035 ## - NÚMERO DE CONTROL DEL SISTEMA
Número de control de sistema UPN01000076502
100 1# - ASIENTO PRINCIPAL--NOMBRE PERSONAL
Nombre de persona Gargallo López, Bernardo
9 (RLIN) 39315
222 ## - TÍTULO CLAVE
Título clave REVISTA DE EDUCACION
245 ## - MENCIÓN DE TÍTULO
Título La enseñanza de estrategias de expresión escrita en educación secundaria obligatoria : un programa de actuación didáctica
260 ## - PUBLICACIÓN, DISTRIBUCIÓN, ETC.
Lugar de publicación, distribución, etc. Madrid, España
300 ## - DESCRIPCIÓN FÍSICA
Extensión 353-367
362 0# - FECHAS DE PUBLICACIÓN Y/O DESIGNACIÓN SECUENCIAL
Fecha de publicación y/o designación secuencial 1994 No. 305, sept.-dic.
653 0# - TERMINO DE INDIZACION - NO CONTROLADO
Término no controlado APRENDIZAJE
653 0# - TERMINO DE INDIZACION - NO CONTROLADO
Término no controlado ENSEÑANZA
653 0# - TERMINO DE INDIZACION - NO CONTROLADO
Término no controlado EXPRESION ESCRITA
904 ## - ELEMENTOS DE DATOS D LOCAL, LDD (RLIN)
a AC
b 014313
905 ## - TIPO DE MATERIAL
Tipo de material Articulo

No items available.